El Zarco /

Na minha lista:
Detalhes bibliográficos
Autor principal: Altamirano, Ignacio Manuel 1834-1893
Formato: Desconhecido
Idioma:Spanish
Publicado em: Cuba: Casa de las Américas, 1976
Colecção:Colección Literatura Latinoamericana 78
Assuntos:
Tags: Adicionar Tag
Sem tags, seja o primeiro a adicionar uma tag!

MARC

LEADER 000000000a22000000004500
001 001081
008 170622s1976 cu ||||| |||| 00| 0 spa d
041 0 |a Español 
082 |a M863.3  |b A437z 
100 1 |a Altamirano, Ignacio Manuel   |d 1834-1893 
245 1 3 |a El Zarco /  |c Ignacio Manuel Altamirano 
260 |a Cuba:   |b Casa de las Américas,   |c 1976 
300 |a 256 páginas 
490 1 |a Colección Literatura Latinoamericana  |v 78 
500 |a Número de inscripción 13226 (Colección George Yúdice) 
650 1 4 |a LITERATURA MEXICANA  |v NOVELA 
942 |2 ddc  |c BK 
999 |c 2199  |d 2199